000
00276nam a22001217a 4500
008
181011b xxu||||| |||| 00| 0 eng d
041
_a
eng
080
_a
610
100
_a
4
101
_a
SHM
245
_a
Taber's Cyclopedic Medical Dictionary
_c
Davis, F.A
942
_2
udc
_c
BK
999
_c
49458
_d
49458